| 000 | 00806nam a2200229Ia 4500 | ||
|---|---|---|---|
| 008 | 130821s2004 xxua gr eng | ||
| 020 | _a0618338071 | ||
| 040 |
_aCo-BoUCM _bspa |
||
| 041 | 0 | 0 | _aeng |
| 100 | 1 |
_aAnderson, Carol H. _9161824 |
|
| 245 | 1 | 0 |
_aStrategic marketing management _cCarol H. Anderson, Julian W. Vincze |
| 250 | _a2a. Ed. | ||
| 260 |
_aBoston (Massachusetts, Estados Unidos) _bHoughton Mifflin _c2004 |
||
| 300 |
_axxxiii, 863, [11] páginas _bilustraciones, tablas, cuadros |
||
| 504 | _aIncluye bibliografía e índice. | ||
| 650 | 0 | 4 |
_aAdministración de empresas _9435 |
| 650 | 0 | 4 |
_aMercadeo _919305 |
| 650 | 0 | 4 |
_aPlaneación estratégica _921623 |
| 700 | 1 |
_aVincze, Julian W. _9161825 |
|
| 942 |
_cLIBRO _a16 _e2 _mA54s _2DEWEY _h658.8 |
||
| 999 |
_c45504 _d45504 |
||